[Event "DEM U14 2017"]
[Site "Willingen GER"]
[Date "2017.06.04"]
[Round "1"]
[White "Svane, Frederik"]
[Black "Biermann, Lenhard"]
[Result "1/2-1/2"]
[Termination "normal"]
[Board "1"]
[WhiteElo "2204"]
[BlackElo "1879"]
[WhiteClock "00:19:47"]
[BlackClock "00:07:42"]
[PlyCount "157"]
[WhiteFideId "12923044"]
[BlackFideId "12970077"]
[EventCountry "GER"]
[EventRounds "9"]
[EventType "swiss"]
[EventDate "2017.06.03"]

1. c4 c5 2. Nf3 Nc6 3. g3 g6 4. Bg2 Bg7 5. O-O d6 6. Nc3 Bd7 7. e3 Nh6 8. d4
cxd4 9. exd4 Nf5 10. Re1 O-O 11. Bg5 h6 12. Be3 Rc8 13. b3 Qa5 14. Bd2 Qd8 15.
d5 Ncd4 16. Nxd4 Nxd4 17. Bxh6 Bxh6 18. Qxd4 Qa5 19. Qd3 Bf5 20. Be4 Bg7 21.
Bxf5 Bxc3 22. Bxc8 Rxc8 23. b4 Qxb4 24. Rab1 Bxe1 25. Rxb4 Bxb4 26. Qb3 Bc5 27.
Qxb7 Re8 28. Kg2 e6 29. Kf3 exd5 30. cxd5 Kg7 31. h4 Re5 32. g4 Kg8 33. a4 Kg7
34. a5 Kg8 35. a6 Kg7 36. Qb3 Kg8 37. Kf4 Kg7 38. Qc3 Bxf2 39. h5 gxh5 40. gxh5
Bb6 41. Qc6 Be3+ 42. Kg4 Bc5 43. Qb7 Re4+ 44. Kg3 Re5 45. h6+ Kxh6 46. Qxf7
Rg5+ 47. Kf4 Rg1 48. Qf6+ Kh7 49. Qf7+ Kh6 50. Qf6+ Kh7 51. Ke4 Re1+ 52. Kd3
Rd1+ 53. Kc4 Rg1 54. Kb5 Rg6 55. Qf5 Kg7 56. Kc6 Rf6 57. Qg5+ Kf7 58. Kd7 Rf2
59. Kd8 Rf6 60. Qh5+ Kg7 61. Ke7 Rf2 62. Qg4+ Kh6 63. Ke6 Kh7 64. Qh5+ Kg7 65.
Qg5+ Kh7 66. Qh5+ Kg7 67. Ke7 Kg8 68. Qg6+ Kh8 69. Qg5 Kh7 70. Qh5+ Kg7 71. Ke6
Rf6+ 72. Ke7 Rf2 73. Ke8 Rf8+ 74. Kd7 Rf7+ 75. Ke8 Rf8+ 76. Ke7 Rf2 77. Qg5+
Kh7 78. Ke6 Re2+ 79. Kf7 1/2-1/2

[Event "DEM U14 2017"]
[Site "Willingen GER"]
[Date "2017.06.04"]
[Round "1"]
[White "Biermann, Florian"]
[Black "Suvorov, Alexander"]
[Result "1-0"]
[Termination "normal"]
[Board "2"]
[WhiteElo "1853"]
[BlackElo "2196"]
[WhiteClock "00:40:45"]
[BlackClock "00:33:20"]
[PlyCount "107"]
[WhiteFideId "12970069"]
[BlackFideId "12977063"]
[EventCountry "GER"]
[EventRounds "9"]
[EventType "swiss"]
[EventDate "2017.06.03"]

1. c4 Nf6 2. g3 g6 3. Bg2 Bg7 4. Nc3 O-O 5. e4 d6 6. Nge2 c5 7. O-O Nc6 8. d3
Ne8 9. Be3 Nc7 10. Qd2 Ne6 11. Rab1 Ned4 12. f4 Rb8 13. a3 a5 14. a4 Bd7 15.
Nb5 Nxe2+ 16. Qxe2 Nb4 17. Rbd1 Bxb5 18. axb5 Qc7 19. f5 Bd4 20. g4 f6 21. g5
Nc2 22. Bf2 Bxf2+ 23. Rxf2 Nd4 24. Qg4 Kg7 25. Rdf1 d5 26. exd5 Qe5 27. fxg6
hxg6 28. gxf6+ exf6 29. Be4 f5 30. Qg5 Qf6 31. Qg3 f4 32. Qg4 Rbe8 33. Kg2 Nf5
34. Bxf5 Qxf5 35. Qxf5 Rxf5 36. Rxf4 Rfe5 37. Rf7+ Kh6 38. Rxb7 Rg5+ 39. Kh1
Re2 40. Rb8 Kg7 41. Rbf8 Rgg2 42. R1f7+ Kh6 43. Rh8+ Kg5 44. d6 Rg4 45. h4+
Rxh4+ 46. Rxh4 Kxh4 47. d7 Kg3 48. Kg1 Re1+ 49. Rf1 Re2 50. Rd1 Rg2+ 51. Kf1
Rf2+ 52. Ke1 Rf8 53. d4 cxd4 54. Rxd4 1-0

[Event "DEM U14 2017"]
[Site "Willingen GER"]
[Date "2017.06.04"]
[Round "1"]
[White "Köllner, Ruben Gideon"]
[Black "Dietz, Florian"]
[Result "1/2-1/2"]
[Termination "normal"]
[Board "3"]
[WhiteElo "2104"]
[BlackElo "1913"]
[WhiteClock "00:16:50"]
[BlackClock "00:45:04"]
[PlyCount "126"]
[WhiteFideId "12993093"]
[BlackFideId "12939897"]
[EventCountry "GER"]
[EventRounds "9"]
[EventType "swiss"]
[EventDate "2017.06.03"]

1. d4 Nf6 2. Nf3 c5 3. e3 g6 4. c3 cxd4 5. exd4 Bg7 6. Bd3 O-O 7. Nbd2 Nc6 8.
O-O d5 9. Re1 Nd7 10. Qb3 Nb6 11. a4 Qd6 12. Nf1 e5 13. dxe5 Nxe5 14. Nxe5 Bxe5
15. Bh6 Rd8 16. Bg5 f6 17. Be3 Be6 18. Qc2 Bf7 19. Rad1 Rac8 20. a5 Nd7 21. Qd2
f5 22. Bxa7 Ra8 23. Bd4 Rxa5 24. Bxe5 Nxe5 25. Qf4 Nxd3 26. Qxd6 Rxd6 27. Rxd3
Rb6 28. b4 Ra3 29. Ne3 Rxb4 30. Nxd5 Bxd5 31. Rxd5 Rxc3 32. Rd7 Re4 33. Ra1
Rec4 34. Kf1 Rc1+ 35. Rxc1 Rxc1+ 36. Ke2 Rc2+ 37. Ke3 b5 38. Rb7 Rb2 39. g3
Rb3+ 40. Kf4 Rb2 41. Kg5 Rxf2 42. Kf6 h5 43. Kxg6 Kf8 44. Rxb5 Rxh2 45. Rxf5+
Ke7 46. Rxh5 Rg2 47. Rg5 Kf8 48. g4 Ra2 49. Kh7 Rh2+ 50. Kg6 Ra2 51. Kh6 Rg2
52. Kg6 Ra2 53. Rb5 Ra6+ 54. Kh7 Ra7+ 55. Kh8 Kf7 56. Kh7 Kf8+ 57. Kg6 Ra6+ 58.
Kf5 Kg7 59. g5 Rc6 60. Rb7+ Kg8 61. Re7 Ra6 62. g6 Ra1 63. Re5 Kg7 1/2-1/2

[Event "DEM U14 2017"]
[Site "Willingen GER"]
[Date "2017.06.04"]
[Round "1"]
[White "Wu, Luka"]
[Black "Trifan, Andrei Ioan"]
[Result "0-1"]
[Termination "normal"]
[Board "4"]
[WhiteElo "1874"]
[BlackElo "2176"]
[WhiteClock "00:02:28"]
[BlackClock "00:23:51"]
[PlyCount "90"]
[WhiteFideId "12977420"]
[BlackFideId "12967068"]
[EventCountry "GER"]
[EventRounds "9"]
[EventType "swiss"]
[EventDate "2017.06.03"]

1. e4 e5 2. Nf3 Nc6 3. Bb5 a6 4. Ba4 Nf6 5. O-O Be7 6. Re1 b5 7. Bb3 O-O 8. c3
d5 9. exd5 Nxd5 10. Nxe5 Nxe5 11. Rxe5 Bb7 12. d4 Bf6 13. Re1 Re8 14. Rxe8+
Qxe8 15. Nd2 Nf4 16. Nf3 Bxf3 17. gxf3 Bg5 18. Be3 Qd7 19. Qd2 Qd6 20. Re1 Qh6
21. Bd1 Qh4 22. Kh1 h6 23. Rg1 Nh3 24. Rg3 Re8 25. Bxg5 hxg5 26. Bc2 Qf4 27.
Bh7+ Kf8 28. Qe3 Rxe3 29. fxe3 Nf2+ 30. Kg2 Qxe3 31. Bf5 Qe2 32. Kg1 Nd1 33.
Bh3 Ne3 34. Kh1 Qd1+ 35. Rg1 Qxf3+ 36. Bg2 Qe2 37. h3 Qxb2 38. d5 Qxa2 39. Be4
Qf2 40. Bg2 g4 41. d6 cxd6 42. Be4 g3 43. Bg2 Nxg2 44. Rxg2 Qf1+ 45. Rg1 Qxh3#
0-1

[Event "DEM U14 2017"]
[Site "Willingen GER"]
[Date "2017.06.04"]
[Round "1"]
[White "Tong, Kevin"]
[Black "Meric, Geoffrey"]
[Result "1-0"]
[Termination "normal"]
[Board "5"]
[WhiteElo "2143"]
[BlackElo "1879"]
[WhiteClock "00:14:44"]
[BlackClock "00:10:10"]
[PlyCount "107"]
[WhiteFideId "12913944"]
[BlackFideId "26092891"]
[EventCountry "GER"]
[EventRounds "9"]
[EventType "swiss"]
[EventDate "2017.06.03"]

1. e4 c5 2. Nf3 d6 3. d4 cxd4 4. Nxd4 Nf6 5. Nc3 a6 6. Bg5 e6 7. f4 h6 8. Bxf6
Qxf6 9. Qd2 Nc6 10. Nf3 Qd8 11. O-O-O Be7 12. Be2 b5 13. Nd4 Nxd4 14. Qxd4 O-O
15. g4 Qa5 16. h4 b4 17. Nb1 e5 18. fxe5 dxe5 19. Qd5 Qxd5 20. exd5 Rd8 21. c4
bxc3 22. bxc3 Bb7 23. c4 Rac8 24. Kb2 Bc5 25. Nd2 Rd6 26. Nb3 Be3 27. Rh3 Bf4
28. Na5 Rd7 29. Rb3 Ba8 30. Rb6 e4 31. Rxa6 Be5+ 32. Kb1 Rdd8 33. Rb6 Kf8 34.
Nb3 Rd6 35. Rxd6 Bxd6 36. c5 Be5 37. Kc2 Ke7 38. c6 g6 39. Nd2 f5 40. Nc4 Bg3
41. gxf5 gxf5 42. h5 Rd8 43. Bf1 Kf6 44. Bh3 Bh2 45. Ne3 Ke5 46. Bxf5 Rf8 47.
c7 Bb7 48. d6 Rxf5 49. Nxf5 Kxf5 50. Rb1 Bc8 51. Rb8 Be6 52. Re8 Bd7 53. Re7
Ba4+ 54. Kb1 1-0

[Event "DEM U14 2017"]
[Site "Willingen GER"]
[Date "2017.06.04"]
[Round "1"]
[White "Post, Hugo"]
[Black "Suvorov, Luca"]
[Result "1-0"]
[Termination "normal"]
[Board "6"]
[WhiteElo "2019"]
[BlackElo "2121"]
[WhiteClock "00:31:16"]
[BlackClock "00:01:07"]
[PlyCount "83"]
[WhiteFideId "12962490"]
[BlackFideId "12977071"]
[EventCountry "GER"]
[EventRounds "9"]
[EventType "swiss"]
[EventDate "2017.06.03"]

1. e4 c6 2. d4 d5 3. Nc3 dxe4 4. Nxe4 Bf5 5. Ng3 Bg6 6. h4 h6 7. Nf3 Nd7 8. h5
Bh7 9. Bd3 Bxd3 10. Qxd3 e6 11. Bd2 Ngf6 12. O-O-O Be7 13. Kb1 O-O 14. Ne4 Nxe4
15. Qxe4 Nf6 16. Qe2 Qd5 17. Be3 Bd6 18. c4 Qe4+ 19. Ka1 a5 20. Ne5 a4 21. f3
Qh7 22. a3 Rad8 23. g4 c5 24. g5 hxg5 25. h6 g6 26. Bxg5 Be7 27. Ng4 Nxg4 28.
Bxe7 Nxh6 29. Bxd8 Rxd8 30. dxc5 Rxd1+ 31. Qxd1 Qg7 32. Qxa4 Qf8 33. Qd7 Kg7
34. Qxb7 Qxc5 35. Qb5 Qd4 36. Qb3 e5 37. Qc3 Qf4 38. Re1 f6 39. Rd1 Nf7 40. c5
Qf5 41. c6 Qc8 42. Rd7 1-0

[Event "DEM U14 2017"]
[Site "Willingen GER"]
[Date "2017.06.04"]
[Round "1"]
[White "Weishäutel, Moritz"]
[Black "Henning, Marvin"]
[Result "1-0"]
[Termination "normal"]
[Board "7"]
[WhiteElo "2102"]
[BlackElo "1946"]
[WhiteClock "00:05:01"]
[BlackClock "00:20:28"]
[PlyCount "81"]
[WhiteFideId "12967300"]
[BlackFideId "12957399"]
[EventCountry "GER"]
[EventRounds "9"]
[EventType "swiss"]
[EventDate "2017.06.03"]

1. e4 g6 2. d4 Bg7 3. c3 d6 4. h3 a6 5. Be3 b5 6. Na3 Nd7 7. Nc2 Bb7 8. f3 e6
9. Qd2 Rc8 10. Ne2 Qe7 11. Nc1 c5 12. Be2 Ngf6 13. O-O O-O 14. Bh6 Ne8 15. Bxg7
Nxg7 16. a4 bxa4 17. Rxa4 Nb6 18. Ra2 Qc7 19. Ne3 Ra8 20. Nb3 f5 21. exf5 exf5
22. Na5 Bc8 23. d5 Qf7 24. Nac4 Nxc4 25. Nxc4 Qc7 26. Rfa1 f4 27. Na5 Nh5 28.
Nc6 Bb7 29. Bxa6 Bxc6 30. dxc6 Qxc6 31. Bc4+ Kg7 32. Ra6 Qb7 33. Qxd6 Rfd8 34.
Qe5+ Kh6 35. Rxa8 Rxa8 36. Rxa8 Qxa8 37. Qxc5 Qa1+ 38. Kh2 Ng3 39. Qf8+ Kg5 40.
h4+ Kh5 41. Qxf4 1-0

[Event "DEM U14 2017"]
[Site "Willingen GER"]
[Date "2017.06.04"]
[Round "1"]
[White "Fidlin, Simon"]
[Black "Pajeken, Jakob Leon"]
[Result "0-1"]
[Termination "normal"]
[Board "8"]
[WhiteElo "1841"]
[BlackElo "2120"]
[WhiteClock "00:09:43"]
[BlackClock "01:00:04"]
[PlyCount "82"]
[WhiteFideId "16217535"]
[BlackFideId "12942839"]
[EventCountry "GER"]
[EventRounds "9"]
[EventType "swiss"]
[EventDate "2017.06.03"]

1. e4 e5 2. Nf3 Nc6 3. Bb5 a6 4. Ba4 Nf6 5. d3 d6 6. c3 g6 7. O-O Bg7 8. Re1
O-O 9. Nbd2 Bd7 10. Nf1 Nh5 11. d4 b5 12. Bb3 exd4 13. cxd4 Na5 14. Bc2 Bg4 15.
Bd2 Nc6 16. Be3 Bxf3 17. gxf3 Qf6 18. d5 Ne5 19. Nd2 Nf4 20. Kh1 Nfd3 21. Rg1
Nxb2 22. Qe2 Nec4 23. Bg5 Qe5 24. Bb3 h6 25. Bh4 Nxd2 26. Qxd2 Qh5 27. Rg4 Nc4
28. Bxc4 Bxa1 29. Qc1 Bg7 30. Be2 f5 31. exf5 gxf5 32. Rxg7+ Kxg7 33. Qxc7+ Rf7
34. Qc3+ Kg8 35. Bg3 f4 36. Qc6 Raf8 37. Qxd6 fxg3 38. Qxg3+ Rg7 39. Qd6 Qg5
40. Qe6+ Kh8 41. Qg4 Qc1+ 0-1

[Event "DEM U14 2017"]
[Site "Willingen GER"]
[Date "2017.06.04"]
[Round "1"]
[White "Kopylov, Daniel"]
[Black "Merk, Daniel"]
[Result "1-0"]
[Termination "normal"]
[Board "9"]
[WhiteElo "2138"]
[BlackElo "1900"]
[WhiteClock "00:06:03"]
[BlackClock "00:53:57"]
[PlyCount "61"]
[WhiteFideId "12921971"]
[BlackFideId "12938386"]
[EventCountry "GER"]
[EventRounds "9"]
[EventType "swiss"]
[EventDate "2017.06.03"]

1. e4 e6 2. d4 d5 3. Nd2 Be7 4. Bd3 c5 5. dxc5 Nf6 6. exd5 Qxd5 7. Ngf3 Nbd7 8.
b4 a5 9. Bc4 Qc6 10. c3 b6 11. O-O bxc5 12. b5 Qc7 13. a4 Nb6 14. Re1 Bb7 15.
Qe2 Rd8 16. Ne5 O-O 17. Ndf3 Nfd5 18. Bxd5 Nxd5 19. c4 Nb4 20. Bf4 Bd6 21. Ng5
h6 22. Nexf7 hxg5 23. Nxd8 Rxd8 24. Qxe6+ Kf8 25. Qf5+ Qf7 26. Qxg5 Be7 27.
Rxe7 Qxe7 28. Qxe7+ Kxe7 29. Bg5+ Ke8 30. Re1+ Kd7 31. Rd1+ 1-0

[Event "DEM U14 2017"]
[Site "Willingen GER"]
[Date "2017.06.04"]
[Round "1"]
[White "Mühlpfordt, Thomas"]
[Black "Wagner, Benjamin"]
[Result "1/2-1/2"]
[Termination "normal"]
[Board "10"]
[WhiteElo "1813"]
[BlackElo "1991"]
[WhiteClock "00:18:50"]
[BlackClock "00:04:20"]
[PlyCount "94"]
[WhiteFideId "12986623"]
[BlackFideId "12957330"]
[EventCountry "GER"]
[EventRounds "9"]
[EventType "swiss"]
[EventDate "2017.06.03"]

1. e4 e5 2. Nf3 Nc6 3. Bc4 Bc5 4. c3 Nf6 5. d4 exd4 6. e5 d5 7. Bb5 Ne4 8. cxd4
Bb6 9. h3 O-O 10. O-O f6 11. Bxc6 bxc6 12. Nc3 Nxc3 13. bxc3 fxe5 14. Nxe5 Ba6
15. Re1 Qf6 16. Qc2 Rad8 17. Ba3 Rfe8 18. Nd3 Bc8 19. Nc5 Bf5 20. Qd2 Qg6 21.
Kh1 Qf7 22. Rxe8+ Rxe8 23. Re1 h6 24. Kg1 Kh7 25. Kf1 Qg6 26. Rxe8 Qxe8 27. Nd3
Qe4 28. Ne5 c5 29. dxc5 Qxe5 30. cxb6 axb6 31. Qd4 Qe6 32. Bc1 c5 33. Qe3 Qc6
34. Kg1 d4 35. cxd4 cxd4 36. Qd2 Qc4 37. Bb2 d3 38. Qc3 Qf7 39. g4 Qg6 40. Kf1
Be6 41. a3 h5 42. f3 hxg4 43. hxg4 b5 44. Qd4 Bc4 45. Kf2 Qg5 46. Qe4+ Kh6 47.
Bc3 Qg6 1/2-1/2

[Event "DEM U14 2017"]
[Site "Willingen GER"]
[Date "2017.06.04"]
[Round "1"]
[White "Wachinger, Nikolas"]
[Black "Gutkin, Ilya"]
[Result "1/2-1/2"]
[Termination "normal"]
[Board "11"]
[WhiteElo "2055"]
[BlackElo "1860"]
[WhiteClock "00:21:41"]
[BlackClock "00:15:49"]
[PlyCount "113"]
[WhiteFideId "12962791"]
[BlackFideId "16203470"]
[EventCountry "GER"]
[EventRounds "9"]
[EventType "swiss"]
[EventDate "2017.06.03"]

1. e4 e6 2. d4 d5 3. Nd2 c5 4. exd5 Qxd5 5. Ngf3 cxd4 6. Bc4 Qd6 7. O-O Nf6 8.
Nb3 Nc6 9. Nbxd4 Nxd4 10. Nxd4 a6 11. c3 Qc7 12. Qe2 Bd6 13. Bg5 Bxh2+ 14. Kh1
Be5 15. Rfe1 h6 16. Bh4 g5 17. Qxe5 Qxe5 18. Rxe5 gxh4 19. Nf5 O-O 20. Nxh4 Rd8
21. Nf3 b5 22. Bb3 Bb7 23. Nd4 b4 24. Nxe6 fxe6 25. Rxe6 Nd5 26. Rb6 Ra7 27.
Rxb4 Kh7 28. Rd4 Rf8 29. Bxd5 Bxd5 30. Rxd5 Rxf2 31. b3 Rg7 32. Rg1 Rxa2 33.
Rd3 Rb2 34. c4 Rb7 35. Ra1 R2xb3 36. Rxb3 Rxb3 37. Rxa6 Rc3 38. Rc6 Kg7 39. Kh2
h5 40. g3 Kf7 41. Kh3 Ke7 42. Kh4 Kd7 43. Rc5 Ke6 44. Rc6+ Kd7 45. Rf6 Rxc4+
46. Kxh5 Ke7 47. Rf5 Rc8 48. g4 Rh8+ 49. Kg5 Rg8+ 50. Kf4 Rf8 51. Kg5 Rxf5+ 52.
Kxf5 Kf7 53. g5 Kg7 54. g6 Kg8 55. Kf6 Kf8 56. g7+ Kg8 57. Kg6 1/2-1/2

[Event "DEM U14 2017"]
[Site "Willingen GER"]
[Date "2017.06.04"]
[Round "1"]
[White "Tham, Minh"]
[Black "Zimmer, Raphael"]
[Result "0-1"]
[Termination "normal"]
[Board "12"]
[WhiteElo "1895"]
[BlackElo "2065"]
[WhiteClock "00:25:32"]
[BlackClock "00:22:05"]
[PlyCount "102"]
[WhiteFideId "12997323"]
[BlackFideId "12978841"]
[EventCountry "GER"]
[EventRounds "9"]
[EventType "swiss"]
[EventDate "2017.06.03"]

1. e4 e5 2. Nf3 Nc6 3. Bc4 Bc5 4. c3 Nf6 5. d3 a6 6. Bb3 Ba7 7. Nbd2 O-O 8. O-O
d6 9. h3 Be6 10. Re1 Qd7 11. Nf1 Ne7 12. Ng3 Ng6 13. Nh2 Kh8 14. Qe2 Rae8 15.
Bg5 Ng8 16. Ng4 f6 17. Bd2 Nf4 18. Qf3 Bxb3 19. axb3 Qb5 20. Bxf4 exf4 21. Qxf4
Qxd3 22. b4 Ne7 23. Rad1 Ng6 24. Rxd3 Nxf4 25. Rdd1 g6 26. Ne3 Re5 27. Nd5 Nxd5
28. exd5 Rfe8 29. Kf1 f5 30. Ne2 Kg7 31. Nf4 Kf6 32. Ne6 Rxe1+ 33. Rxe1 c6 34.
c4 cxd5 35. cxd5 Rc8 36. b5 Rc2 37. Re2 Rc1+ 38. Re1 Rxe1+ 39. Kxe1 Ke5 40.
bxa6 bxa6 41. f4+ Kxd5 42. Nc7+ Kc4 43. Nxa6 Bd4 44. b4 Bc3+ 45. Ke2 Bxb4 46.
Nb8 Bc3 47. Nd7 Bg7 48. Nb6+ Kc5 49. Nd7+ Kc6 50. Nb8+ Kb7 51. Nd7 Kc7 0-1

[Event "DEM U14 2017"]
[Site "Willingen GER"]
[Date "2017.06.04"]
[Round "1"]
[White "Wu, Leon"]
[Black "Waffenschmidt, Lars"]
[Result "1-0"]
[Termination "normal"]
[Board "13"]
[WhiteElo "1957"]
[BlackElo "1810"]
[PlyCount "87"]
[WhiteFideId "12977438"]
[BlackFideId "16244656"]
[EventCountry "GER"]
[EventRounds "9"]
[EventType "swiss"]
[EventDate "2017.06.03"]

1. e4 e5 2. Nf3 Nc6 3. Bb5 a6 4. Ba4 Nf6 5. O-O Be7 6. Re1 b5 7. Bb3 O-O 8. c3
d5 9. exd5 Nxd5 10. Nxe5 Nxe5 11. Rxe5 c6 12. d3 Bd6 13. Re1 Bf5 14. Qf3 Bg6
15. Nd2 Qh4 16. g3 Qh3 17. Ne4 Rae8 18. Bd2 Bxe4 19. Rxe4 Rxe4 20. Qxe4 Nf6 21.
Qxc6 Ng4 22. Qg2 Qh5 23. Bd1 Qf5 24. Qf3 Qxf3 25. Bxf3 Ne5 26. Be2 Bb8 27. b3
Rd8 28. Be3 Rd7 29. d4 Nc6 30. Bf3 Ne7 31. c4 bxc4 32. bxc4 Ba7 33. d5 Bxe3 34.
fxe3 Nf5 35. c5 Nxe3 36. c6 Rxd5 37. Bxd5 Nxd5 38. Rd1 f5 39. Rxd5 f4 40. c7
fxg3 41. c8=Q+ Kf7 42. Qf5+ Ke7 43. Rd7+ Ke8 44. Qf7# 1-0

[Event "DEM U14 2017"]
[Site "Willingen GER"]
[Date "2017.06.04"]
[Round "1"]
[White "Dahl, Christoph"]
[Black "Kölle, Tobias"]
[Result "1-0"]
[Termination "normal"]
[Board "14"]
[WhiteElo "1801"]
[BlackElo "2069"]
[PlyCount "85"]
[WhiteFideId "16240235"]
[BlackFideId "16207378"]
[EventCountry "GER"]
[EventRounds "9"]
[EventType "swiss"]
[EventDate "2017.06.03"]

1. e4 e5 2. Nf3 Nc6 3. Nc3 Nf6 4. d4 exd4 5. Nxd4 Bb4 6. Nxc6 bxc6 7. Bd3 h6 8.
O-O O-O 9. e5 Bxc3 10. bxc3 Ne8 11. Qf3 Qe7 12. Qf5 g6 13. Qe4 Kg7 14. f4 f5
15. exf6+ Qxf6 16. Be3 d5 17. Qb4 Kh7 18. Bd4 Qf7 19. Bc5 Rg8 20. Rae1 Be6 21.
f5 gxf5 22. Rxe6 Ng7 23. Bxf5+ Nxf5 24. Re7 Raf8 25. Rxf7+ Rxf7 26. Qf4 Rg5 27.
h4 Rgg7 28. Bd4 Rg6 29. Qxf5 Rxf5 30. Rxf5 Re6 31. Re5 Rd6 32. Re7+ Kg6 33. g4
Rf6 34. h5+ Kg5 35. Rg7+ Kf4 36. Bxf6 Ke3 37. g5 d4 38. gxh6 dxc3 39. Bxc3 a5
40. h7 c5 41. h8=Q Ke2 42. Re7+ Kd1 43. Qh7 1-0

[Event "DEM U14 2017"]
[Site "Willingen GER"]
[Date "2017.06.04"]
[Round "1"]
[White "Stork, Oliver"]
[Black "Kotyk, Michael"]
[Result "1-0"]
[Termination "normal"]
[Board "15"]
[WhiteElo "2012"]
[BlackElo "1927"]
[PlyCount "65"]
[WhiteFideId "12955728"]
[BlackFideId "16214501"]
[EventCountry "GER"]
[EventRounds "9"]
[EventType "swiss"]
[EventDate "2017.06.03"]

1. c4 f5 2. g3 Nf6 3. Bg2 g6 4. Nc3 Bg7 5. e3 d6 6. Nge2 O-O 7. O-O c6 8. Rb1
a5 9. a3 Na6 10. b4 axb4 11. axb4 Nc7 12. d3 e5 13. b5 d5 14. bxc6 bxc6 15. Rb6
Ra6 16. Qb3 e4 17. Rd1 Qe8 18. Rxa6 Bxa6 19. cxd5 cxd5 20. Nf4 Kh8 21. Ba3 Rf7
22. Bd6 g5 23. Nfxd5 Nfxd5 24. Nxd5 Nxd5 25. Qxd5 Bxd3 26. Bh3 g4 27. Bf1 Bxf1
28. Kxf1 Qd7 29. Qa8+ Rf8 30. Qxf8+ Bxf8 31. Be5+ Bg7 32. Rxd7 Bxe5 33. Rd5 1-0

[Event "DEM U14 2017"]
[Site "Willingen GER"]
[Date "2017.06.04"]
[Round "1"]
[White "Pahl, Erik"]
[Black "Nguyen, Alex Dac-Vuong"]
[Result "1-0"]
[Termination "normal"]
[Board "16"]
[WhiteElo "1775"]
[BlackElo "2051"]
[PlyCount "89"]
[WhiteFideId "16201272"]
[BlackFideId "12984388"]
[EventCountry "GER"]
[EventRounds "9"]
[EventType "swiss"]
[EventDate "2017.06.03"]

1. e4 e6 2. d4 d5 3. Nc3 Nf6 4. e5 Nfd7 5. f4 c5 6. Nf3 Nc6 7. Be3 Be7 8. a3 b6
9. Be2 O-O 10. O-O Bb7 11. Qd2 f6 12. exf6 Nxf6 13. Rad1 Ng4 14. Kh1 Nxe3 15.
Qxe3 Rf6 16. Nb1 Bd6 17. g3 Nxd4 18. Nxd4 cxd4 19. Qd3 a5 20. Nd2 Qc7 21. Nf3
Bc5 22. Qd2 a4 23. Rde1 Raf8 24. Bd3 g6 25. Ne5 Qg7 26. Bb5 Bc8 27. Bxa4 Ba6
28. Nd3 Bd6 29. Rf2 b5 30. Bb3 Qc7 31. Rfe2 Bc8 32. Nb4 Bc5 33. Nd3 Bd6 34. Ne5
g5 35. Ng4 gxf4 36. Nxf6+ Rxf6 37. gxf4 Rxf4 38. Rg2+ Kh8 39. Reg1 Qf7 40. Qa5
Qf8 41. Qxb5 h5 42. Qd3 Qf7 43. Qg6 Qxg6 44. Rxg6 Rf2 45. Rh6# 1-0

[Event "DEM U14 2017"]
[Site "Willingen GER"]
[Date "2017.06.04"]
[Round "1"]
[White "Dobrikov, Marco"]
[Black "Popist, Florian"]
[Result "1-0"]
[Termination "normal"]
[Board "17"]
[WhiteElo "2012"]
[BlackElo "1820"]
[PlyCount "89"]
[WhiteFideId "12950378"]
[BlackFideId "16203518"]
[EventCountry "GER"]
[EventRounds "9"]
[EventType "swiss"]
[EventDate "2017.06.03"]

1. e4 c5 2. Nf3 e6 3. d4 cxd4 4. Nxd4 a6 5. Nc3 Qc7 6. f4 Nc6 7. Nxc6 Qxc6 8.
Bd3 b5 9. Qe2 Bb7 10. O-O Bc5+ 11. Kh1 b4 12. Nd5 Nf6 13. c4 O-O-O 14. Nxf6
gxf6 15. Be3 d6 16. f5 e5 17. b3 Qb6 18. Bh6 Rhg8 19. Qh5 Qc7 20. Qh4 Qe7 21.
Rf3 Rde8 22. Rh3 a5 23. Rg3 Bf2 24. Be2 Bxg3 25. hxg3 Bc6 26. Be3 Qb7 27. Bf3
h5 28. Bf2 Rg5 29. Be3 Rgg8 30. Re1 Rg4 31. Bxg4 hxg4 32. Qxf6 Bxe4 33. Re2 Bf3
34. Rd2 Qe4 35. Bg1 Qe1 36. Rxd6 Bxg2+ 37. Kxg2 Qe4+ 38. Kf1 Qf3+ 39. Bf2 Qh1+
40. Ke2 Qe4+ 41. Kd2 Kc7 42. Bb6+ Kc8 43. Rd8+ Kb7 44. Qxf7+ Kxb6 45. Rd6+ 1-0

[Event "DEM U14 2017"]
[Site "Willingen GER"]
[Date "2017.06.04"]
[Round "1"]
[White "Paeslack, Luis"]
[Black "Lieberwirth, Kasimir"]
[Result "0-1"]
[Termination "normal"]
[Board "18"]
[WhiteElo "1856"]
[BlackElo "2009"]
[PlyCount "92"]
[WhiteFideId "12987760"]
[BlackFideId "12988146"]
[EventCountry "GER"]
[EventRounds "9"]
[EventType "swiss"]
[EventDate "2017.06.03"]

1. d4 d5 2. c4 c6 3. Nf3 Nf6 4. Nc3 dxc4 5. a4 Bf5 6. Ne5 Nbd7 7. Nxc4 Nb6 8.
Ne5 a5 9. g3 e6 10. Bg2 Bb4 11. O-O h6 12. f3 Nfd7 13. e4 Nxe5 14. exf5 Nec4
15. fxe6 O-O 16. exf7+ Rxf7 17. Bh3 Re7 18. Ne4 Qd5 19. Bxh6 Qh5 20. Bg5 Qxh3
21. Bxe7 Bxe7 22. Re1 Qd7 23. b3 Nd6 24. Nc5 Qe8 25. Re6 Nd5 26. Qe2 Qf7 27.
Re1 Nf5 28. Qd3 Bf6 29. R1e4 Nc7 30. Rxf6 Qxf6 31. Rf4 g6 32. Nd7 Qe6 33. Ne5
Nd5 34. Rg4 Nde7 35. Re4 Qd6 36. Qd2 Rd8 37. Qg5 Nxd4 38. Kg2 Ndf5 39. Nc4 Qc5
40. g4 Rd1 41. Kh3 Qf2 42. gxf5 Qxf3+ 43. Qg3 Qxe4 44. Qb8+ Kg7 45. f6+ Kxf6
46. Qh8+ Ke6 0-1

[Event "DEM U14 2017"]
[Site "Willingen GER"]
[Date "2017.06.04"]
[Round "1"]
[White "Sulayev, Daniel"]
[Black "Fromm, Marius"]
[Result "0-1"]
[Termination "normal"]
[Board "19"]
[WhiteElo "1961"]
[BlackElo "1750"]
[PlyCount "104"]
[WhiteFideId "12977675"]
[BlackFideId "12993190"]
[EventCountry "GER"]
[EventRounds "9"]
[EventType "swiss"]
[EventDate "2017.06.03"]

1. e4 e6 2. d4 d5 3. Nc3 Nf6 4. Bg5 Bb4 5. e5 h6 6. Bd2 Bxc3 7. bxc3 Ne4 8. Qg4
Kf8 9. Qf4 Nxd2 10. Qxd2 c5 11. f4 Nc6 12. Nf3 Qa5 13. Be2 Bd7 14. O-O cxd4 15.
Nxd4 Nxd4 16. Qxd4 Rc8 17. c4 Qc5 18. Qxc5+ Rxc5 19. cxd5 Rxd5 20. Bf3 Rc5 21.
Bxb7 Rxc2 22. Rfc1 Rxc1+ 23. Rxc1 Ke7 24. Rc7 Kd8 25. Rc5 Re8 26. Kf2 Re7 27.
Ke3 Ba4 28. Rc8+ Kd7 29. Ra8 Kc7 30. Rxa7 Kb6 31. Rxa4 Kxb7 32. Rd4 Kb6 33. Rd8
Ra7 34. Rg8 g6 35. Rb8+ Kc5 36. Rc8+ Kb4 37. Rc2 Rd7 38. h3 Ka3 39. g3 Rb7 40.
g4 Rd7 41. Ke4 Rb7 42. Rf2 Rb1 43. f5 Re1+ 44. Kd4 Rd1+ 45. Ke3 Re1+ 46. Re2
Rxe2+ 47. Kxe2 Kxa2 48. fxg6 fxg6 49. g5 h5 50. h4 Kb3 51. Kd3 Kb4 52. Kd4 Kb5
0-1

[Event "DEM U14 2017"]
[Site "Willingen GER"]
[Date "2017.06.04"]
[Round "1"]
[White "Lohr, Maximilian"]
[Black "Woelk, Tom-Frederic"]
[Result "0-1"]
[Termination "normal"]
[Board "20"]
[WhiteElo "1767"]
[BlackElo "2033"]
[PlyCount "62"]
[WhiteFideId "12999717"]
[BlackFideId "12993077"]
[EventCountry "GER"]
[EventRounds "9"]
[EventType "swiss"]
[EventDate "2017.06.03"]

1. e4 c5 2. Nf3 d6 3. d4 cxd4 4. Nxd4 Nf6 5. Nc3 a6 6. Be2 e6 7. Be3 Nbd7 8.
O-O b5 9. a4 bxa4 10. f3 Bb7 11. Rxa4 Be7 12. Qd2 O-O 13. Rfa1 Nc5 14. Ra5 Qb6
15. Na4 Qc7 16. b4 Ncd7 17. Ra3 d5 18. Rc3 Qb8 19. Nc5 dxe4 20. Ndxe6 fxe6 21.
Nxd7 Nxd7 22. Qxd7 exf3 23. Bc4 Bf6 24. Bxe6+ Kh8 25. Rc7 Be4 26. Rcc5 Qxb4 27.
Kf2 fxg2 28. Qd1 Bh4+ 29. Kg1 Rf1+ 30. Qxf1 gxf1=Q+ 31. Kxf1 Qe1# 0-1